Compendio de psicología freudiana / (Registro nro. 992)
[ vista simple ]
| 000 -LEADER | |
|---|---|
| fixed length control field | 00868nam a2200253 a 4500 |
| 008 - CAMPO DE CONTROL (LIBRO) | |
| fixed length control field | 110916s1981 ag ||||f |||| 00| 0 spa d |
| 020 ## - INTERNATIONAL STANDARD BOOK NUMBER | |
| ISBN | S/N |
| 041 ## - CODIGO DE IDIOMA | |
| Código de idioma del texto/pista de sonido o título separado | spa |
| 092 ## - SIGNATURA TOPOGRAFICA DEWEY LOCAL | |
| número de clasificación | 150 |
| libristica | 32 |
| sección | HAL |
| 100 1# - ENTRADA PRINCIPAL--NOMBRE PERSONAL | |
| Nombre personal | Hall, Calvin S. |
| 9 (RLIN) | 1602 |
| 245 ## - TITULO PROPIAMENTE DICHO | |
| Título | Compendio de psicología freudiana / |
| Mención de responsabilidad y remanente de la transcripción de la portada | Calvin S. Hall |
| 250 ## - MENCION DE EDICION | |
| Mención de edición | 1a ed. |
| Mención de responsabilidad relacionada con la ed. | Traducción Mara Mercader |
| 260 ## - PIE DE IMPRENTA | |
| Lugar de publicación, distribución, etc | Buenos Aires: |
| Nombre de la editorial, distribuidor, etc | Paidós; |
| Fecha de publicación | 1981. |
| 300 ## - DESCRIPCION FISICA | |
| Extension | 137 p. |
| 500 ## - NOTA GENERAL | |
| Nota general | Hall, C. S. (1981). Compendio de psicología Freudiana. (1a ed.). Buenos Aires : Paidos. |
| 590 ## - NOTAS LOCALES (RLIN) | |
| Nota local | Donación septiembre 2011 |
| 590 ## - NOTAS LOCALES (RLIN) | |
| Nota local | Colección Biblioteca del Hombre Contemporaneo, vol.106 |
| 653 ## - TÉRMINO INDIZADO - PALABRAS CLAVES | |
| Palabra clave | Sigmund Freud (1856-1939) |
| 653 ## - TÉRMINO INDIZADO - PALABRAS CLAVES | |
| Palabra clave | Organización de la personalidad |
| 653 ## - TÉRMINO INDIZADO - PALABRAS CLAVES | |
| Palabra clave | Dinámica de la personalidad |
| 653 ## - TÉRMINO INDIZADO - PALABRAS CLAVES | |
| Palabra clave | Desarrollo de la personalidad |
| 653 ## - TÉRMINO INDIZADO - PALABRAS CLAVES | |
| Palabra clave | Personalidad estabilizada |
| 942 ## - ADDED ENTRY ELEMENTS (KOHA) | |
| Source of classification or shelving scheme | Dewey Decimal Classification |
| Item type | Libros |
| Estado de retiro | Existencia | Fuente de clasificación | Estado general | No para prestamo | Ubicación permanente | ubicación actual | Sala de ubicación | Fecha de adquisición | Total Checkouts | Número de clasificación | Código de barras | Date last seen | Número de ejemplar | Price effective from | Koha tipo de elemento (item) |
|---|---|---|---|---|---|---|---|---|---|---|---|---|---|---|---|
| Dewey Decimal Classification | Biblioteca Medicina | Biblioteca Medicina | Circulación | 16/09/2011 | 150 32 HAL | 2458 | 06/11/2014 | Ej. 1 | 16/09/2011 | Libros |